Allocation of business rules, 1961 (Record no. 491113)

000 -LEADER
fixed length control field 00451cam a22001097a 4500
008 - FIXED-LENGTH DATA ELEMENTS--GENERAL INFORMATION
fixed length control field 180718b-- xxu||||| |||| 00| 0 eng d
082 ## - DEWEY DECIMAL CLASSIFICATION NUMBER
Classification number I2701x54 In2
245 ## - TITLE STATEMENT
Title Allocation of business rules, 1961
Statement of responsibility, etc. by Department of Cabinet Affairs, Cabinet Secretariat
260 ## - PUBLICATION, DISTRIBUTION, ETC.
Place of publication, distribution, etc. New Delhi
Name of publisher, distributor, etc. Department of Cabinet Affairs, Cabinet Secretariat
Date of publication, distribution, etc. --
500 ## - GENERAL NOTE
General note Library has 1963, 1966
700 ## - ADDED ENTRY--PERSONAL NAME
Personal name Cabinet Secretariat. Department of Cabinet Affairs. Cabinet Secretariat
Holdings
Withdrawn status Lost status Damaged status Not for loan Permanent Location Current Location Date acquired Full call number Barcode Date last seen Price effective from Koha item type
        Indian Institute of Public Administration Indian Institute of Public Administration 2018-08-04 I2701x54 In2 GG5382 2018-08-04 2018-08-04 GG

Powered by Koha